Hành vi tổ chức
Nội dung sách nhập môn hành vi tổ chức; giá trị và thái độ; tình cảm và cảm xúc; nhận thức và tiến trình quyết định ở diện cá nhân; truyền thông giao tiếp; nghệ thuật lãnh đạo...
Đã lưu trong:
| Tác giả chính: | |
|---|---|
| Định dạng: | Sách |
| Ngôn ngữ: | Undetermined |
| Được phát hành: |
Thành phố Hồ Chí Minh
Trường Đại học mở Thành phố Hồ Chí Minh
2016
|
| Những chủ đề: | |
| Các nhãn: |
Thêm thẻ
Không có thẻ, Là người đầu tiên thẻ bản ghi này!
|
| Thư viện lưu trữ: | Trung tâm Học liệu Trường Đại học Cần Thơ |
|---|
| LEADER | 00977nam a2200229Ia 4500 | ||
|---|---|---|---|
| 001 | CTU_237440 | ||
| 008 | 210402s9999 xx 000 0 und d | ||
| 020 | |c 75000 | ||
| 082 | |a 658.3 | ||
| 082 | |b V312 | ||
| 100 | |a Nguyễn, Quang Vinh | ||
| 245 | 0 | |a Hành vi tổ chức | |
| 245 | 0 | |c Nguyễn Quang Vinh | |
| 260 | |a Thành phố Hồ Chí Minh | ||
| 260 | |b Trường Đại học mở Thành phố Hồ Chí Minh | ||
| 260 | |c 2016 | ||
| 520 | |a Nội dung sách nhập môn hành vi tổ chức; giá trị và thái độ; tình cảm và cảm xúc; nhận thức và tiến trình quyết định ở diện cá nhân; truyền thông giao tiếp; nghệ thuật lãnh đạo... | ||
| 526 | |a Hành vi tổ chức | ||
| 526 | |b KT431 | ||
| 650 | |a Organizational behavior,Hành vi tổ chức | ||
| 910 | |a Tuyến | ||
| 980 | |a Trung tâm Học liệu Trường Đại học Cần Thơ | ||